| 000 | 00999cam a2200289 4500 | ||
|---|---|---|---|
| 001 | 36395 | ||
| 003 | BD-RjUL | ||
| 005 | 20211209052500.0 | ||
| 008 | 140622s1972 njuc 001 0aeng | ||
| 020 | _a0813507235 | ||
| 035 | _a(BD-RjUL)36492 | ||
| 040 |
_aDLC _cDLC _dBD-RjUL _beng |
||
| 041 | _aeng | ||
| 082 | 0 | 0 |
_a320.942061 _bCAD 1972 |
| 100 | 1 |
_aCarleton, Dudley, _d1573-1632. _9110744 |
|
| 245 | 1 | 0 |
_aDudley Carleton to John Chamberlain, 1603-1624 : _bJacobean letters / _cEdited with an introd. by Maurice Lee, Jr. |
| 260 |
_aNew Brunswick, N.J. : _bRutgers University Press, _cc1972. |
||
| 300 |
_ax, 335 p. : _bport. ; _c24 cm. |
||
| 504 | _aIncludes index. | ||
| 600 | 1 | 0 |
_aDorchester, Dudley Carleton, _c1st Viscount, _d1573-1632. _9110748 |
| 651 | 0 |
_aGreat Britain _xForeign relations _y1603-1625. _9110746 |
|
| 700 | 1 |
_aChamberlain, John, _d1554?-1628. _9110747 |
|
| 700 | 1 |
_aLee, Maurice. _96861 |
|
| 942 |
_2ddc _cBK |
||
| 999 |
_c36395 _d36395 |
||